[Event "Terme Krka OPEN 2018"]
[Site "Otočec, Slovenia"]
[Date "2018.12.25"]
[Round "3.7"]
[White "Mestek, Igor"]
[Black "Danculovic, Jovica"]
[Result "1-0"]
[WhiteElo "2144"]
[BlackElo "1854"]

1. e4 {[%clk 01:30:56]} {[%emt 00:00:07]} c5 {[%clk 01:30:47]} {[%emt
00:00:06]} 2. Nf3 {[%clk 01:31:14]} {[%emt 00:00:14]} d6 {[%clk 01:31:07]}
{[%emt 00:00:08]} 3. d4 {[%clk 01:31:33]} {[%emt 00:00:26]} cxd4 {[%clk
01:31:29]} 4. Nxd4 {[%clk 01:31:57]} Nf6 {[%clk 01:31:49]} {[%emt 00:00:19]} 5.
Nc3 {[%clk 01:32:18]} g6 {[%clk 01:32:07]} {[%emt 00:00:14]} 6. Bc4 {[%clk
01:32:26]} {[%emt 00:00:16]} Bg7 {[%clk 01:32:28]} {[%emt 00:00:15]} 7. Bb3
{[%clk 01:32:47]} {[%emt 00:00:12]} O-O {[%clk 01:32:16]} {[%emt 00:01:09]} 8.
h3 {[%clk 01:33:07]} Nc6 {[%clk 01:32:08]} {[%emt 00:00:11]} 9. Be3 {[%clk
01:33:27]} {[%emt 00:00:15]} Na5 {[%clk 01:28:11]} {[%emt 00:04:54]} 10. O-O
{[%clk 01:32:42]} {[%emt 00:01:17]} Nxb3 {[%clk 01:28:13]} 11. axb3 {[%clk
01:32:29]} {[%emt 00:00:36]} a6 {[%clk 01:27:22]} {[%emt 00:01:20]} 12. Re1
{[%clk 01:27:22]} {[%emt 00:05:42]} Bd7 {[%clk 01:25:49]} {[%emt 00:01:59]} 13.
Qd3 {[%clk 01:26:42]} {[%emt 00:01:11]} Qc7 {[%clk 01:19:51]} {[%emt 00:06:33]}
14. Nf3 {[%clk 01:14:14]} {[%emt 00:12:51]} Bc6 {[%clk 01:15:15]} {[%emt
00:05:29]} 15. Bg5 {[%clk 01:00:05]} {[%emt 00:14:21]} Rad8 {[%clk 01:07:03]}
{[%emt 00:08:42]} 16. Nd5 {[%clk 00:58:17]} {[%emt 00:02:14]} Bxd5 {[%clk
01:06:20]} {[%emt 00:01:35]} 17. exd5 {[%clk 00:58:35]} {[%emt 00:00:06]} Rfe8
{[%clk 01:05:01]} {[%emt 00:01:40]} 18. c3 {[%clk 00:53:01]} {[%emt 00:05:59]}
e5 {[%clk 01:04:02]} {[%emt 00:01:33]} 19. dxe6 {[%clk 00:52:33]} {[%emt
00:00:52]} fxe6 {[%clk 01:03:46]} {[%emt 00:00:47]} 20. b4 {[%clk 00:51:32]}
{[%emt 00:01:31]} e5 {[%clk 01:02:27]} {[%emt 00:02:00]} 21. Bxf6 {[%clk
00:48:18]} {[%emt 00:03:33]} Bxf6 {[%clk 01:02:46]} {[%emt 00:00:15]} 22. Qd5+
{[%clk 00:48:39]} {[%emt 00:00:06]} Qf7 {[%clk 01:01:34]} {[%emt 00:01:44]} 23.
Rad1 {[%clk 00:45:31]} {[%emt 00:03:33]} Qxd5 {[%clk 01:00:22]} {[%emt
00:01:41]} 24. Rxd5 {[%clk 00:45:53]} {[%emt 00:00:42]} Kf7 {[%clk 00:59:41]}
{[%emt 00:00:38]} 25. Re4 {[%clk 00:42:08]} {[%emt 00:04:29]} Rd7 {[%clk
00:50:03]} {[%emt 00:09:53]} 26. c4 {[%clk 00:41:38]} {[%emt 00:01:03]} Red8
{[%clk 00:45:02]} {[%emt 00:06:01]} 27. b3 {[%clk 00:41:31]} {[%emt 00:00:08]}
b6 {[%clk 00:40:45]} {[%emt 00:04:55]} 28. Re2 {[%clk 00:40:24]} {[%emt
00:01:28]} Be7 {[%clk 00:38:41]} {[%emt 00:02:32]} 29. g3 {[%clk 00:39:39]}
{[%emt 00:01:29]} Rc7 {[%clk 00:38:14]} {[%emt 00:00:44]} 30. Kg2 {[%clk
00:39:05]} {[%emt 00:01:03]} Ra8 {[%clk 00:35:13]} {[%emt 00:03:34]} 31. Ra2
{[%clk 00:31:58]} {[%emt 00:07:51]} Ke6 {[%clk 00:32:12]} {[%emt 00:03:13]} 32.
Nd2 {[%clk 00:30:55]} {[%emt 00:01:42]} Rcc8 {[%clk 00:24:00]} {[%emt
00:08:36]} 33. Kf3 {[%clk 00:21:54]} {[%emt 00:09:29]} Rf8+ {[%clk 00:18:15]}
{[%emt 00:06:24]} 34. Ke2 {[%clk 00:21:33]} {[%emt 00:00:40]} b5 {[%clk
00:17:38]} {[%emt 00:01:07]} 35. Rd3 {[%clk 00:19:53]} {[%emt 00:02:11]} bxc4
{[%clk 00:16:43]} {[%emt 00:01:28]} 36. bxc4 {[%clk 00:20:12]} {[%emt
00:00:07]} Rfb8 {[%clk 00:16:35]} {[%emt 00:00:39]} 37. Ra4 {[%clk 00:19:36]}
{[%emt 00:01:32]} Rb6 {[%clk 00:15:46]} {[%emt 00:01:00]} 38. b5 {[%clk
00:19:07]} {[%emt 00:01:10]} a5 {[%clk 00:12:29]} {[%emt 00:03:28]} 39. Rda3
{[%clk 00:16:43]} {[%emt 00:02:54]} d5 {[%clk 00:12:39]} {[%emt 00:00:20]} 40.
Rxa5 {[%clk 00:15:32]} {[%emt 00:01:42]} Rab8 {[%clk 00:10:06]} {[%emt
00:03:05]} 41. cxd5+ {[%clk 00:12:40]} {[%emt 00:03:30]} Kxd5 {[%clk 00:10:24]}
{[%emt 00:00:04]} 42. Rd3+ {[%clk 00:13:01]} {[%emt 00:00:08]} Ke6 {[%clk
00:10:10]} {[%emt 00:00:47]} 43. Rb3 {[%clk 00:11:48]} {[%emt 00:01:38]} Kd5
{[%clk 00:09:15]} {[%emt 00:01:27]} 44. Ra7 {[%clk 00:11:54]} {[%emt 00:00:22]}
R8b7 {[%clk 00:09:22]} {[%emt 00:00:37]} 45. Rd3+ {[%clk 00:11:11]} {[%emt
00:00:58]} Ke6 {[%clk 00:09:04]} {[%emt 00:01:26]} 46. Rxb7 {[%clk 00:09:56]}
{[%emt 00:01:22]} Rxb7 {[%clk 00:09:33]} 47. Rb3 {[%clk 00:10:13]} {[%emt
00:00:08]} Kd5 {[%clk 00:09:28]} {[%emt 00:00:23]} 48. Kd3 {[%clk 00:10:28]}
{[%emt 00:00:45]} Bc5 {[%clk 00:09:01]} {[%emt 00:00:32]} 49. Ne4 {[%clk
00:10:34]} {[%emt 00:00:22]} Bb6 {[%clk 00:09:08]} {[%emt 00:00:21]} 50. f3
{[%clk 00:09:23]} {[%emt 00:01:58]} Rf7 {[%clk 00:07:26]} {[%emt 00:01:52]} 51.
Nc3+ {[%clk 00:09:33]} {[%emt 00:00:41]} Kd6 {[%clk 00:07:12]} {[%emt
00:00:25]} 52. Ke4 {[%clk 00:09:49]} {[%emt 00:00:42]} Bf2 {[%clk 00:05:58]}
{[%emt 00:01:21]} 53. b6 {[%clk 00:08:07]} {[%emt 00:02:10]} Rb7 {[%clk
00:05:58]} {[%emt 00:00:28]} 54. Nb5+ {[%clk 00:06:43]} {[%emt 00:02:10]} Kc5
{[%clk 00:05:43]} {[%emt 00:00:29]} 55. Nc7 {[%clk 00:06:16]} {[%emt 00:01:00]}
Bxg3 {[%clk 00:04:24]} {[%emt 00:02:09]} 56. Nd5 {[%clk 00:06:41]} {[%emt
00:00:04]} Kc6 {[%clk 00:01:37]} {[%emt 00:02:55]} 57. Rc3+ {[%clk 00:07:00]}
{[%emt 00:00:14]} Kb5 {[%clk 00:02:02]} {[%emt 00:00:04]} 58. Rc8 {[%clk
00:06:41]} {[%emt 00:00:49]} Bf2 {[%clk 00:02:16]} {[%emt 00:00:15]} 59. Rc7
{[%clk 00:05:53]} {[%emt 00:01:18]} Ka6 {[%clk 00:02:10]} {[%emt 00:00:45]} 60.
Rxb7 {[%clk 00:03:32]} {[%emt 00:02:42]} Kxb7 {[%clk 00:02:39]} {[%emt
00:00:09]} 61. Kxe5 {[%clk 00:03:48]} {[%emt 00:00:18]} Kc6 {[%clk 00:02:12]}
{[%emt 00:00:43]} 62. f4 {[%clk 00:03:55]} {[%emt 00:00:49]} Bg3 {[%clk
00:02:24]} {[%emt 00:00:03]} 63. Ke6 {[%clk 00:04:07]} {[%emt 00:00:22]} Bf2
{[%clk 00:02:05]} {[%emt 00:00:40]} 64. Nf6 {[%clk 00:03:56]} {[%emt 00:01:00]}
Bg3 {[%clk 00:01:44]} {[%emt 00:00:26]} 65. Nd5 {[%clk 00:02:28]} {[%emt
00:02:01]} Bf2 {[%clk 00:01:58]} {[%emt 00:00:33]} 66. Ke5 {[%clk 00:02:50]}
{[%emt 00:00:04]} Bg3 {[%clk 00:01:52]} {[%emt 00:00:27]} 67. Ke4 {[%clk
00:03:14]} {[%emt 00:00:09]} Bf2 {[%clk 00:01:54]} {[%emt 00:00:25]} 68. Nf6
{[%clk 00:03:31]} {[%emt 00:00:24]} h5 {[%clk 00:01:13]} {[%emt 00:00:53]} 69.
Nd5 {[%clk 00:03:45]} {[%emt 00:00:17]} Bc5 {[%clk 00:01:07]} {[%emt 00:00:38]}
70. Ke5 {[%clk 00:04:08]} {[%emt 00:00:11]} Bf2 {[%clk 00:01:07]} {[%emt
00:00:24]} 71. Ne7+ {[%clk 00:03:42]} {[%emt 00:00:59]} Kxb6 {[%clk 00:01:35]}
{[%emt 00:00:09]} 72. Nxg6 {[%clk 00:04:03]} Kc6 {[%clk 00:01:29]} {[%emt
00:00:36]} 73. Ke6 {[%clk 00:04:26]} {[%emt 00:00:16]} Kc7 {[%clk 00:01:21]}
{[%emt 00:00:28]} 74. f5 {[%clk 00:04:41]} {[%emt 00:00:43]} Kd8 {[%clk
00:01:12]} {[%emt 00:00:21]} 75. f6 {[%clk 00:05:03]} {[%emt 00:00:05]} Bc5
{[%clk 00:01:22]} {[%emt 00:00:18]} 76. f7 {[%clk 00:05:25]} {[%emt 00:00:04]}
Bb4 {[%clk 00:01:36]} {[%emt 00:00:23]} 77. h4 {[%clk 00:05:40]} {[%emt
00:00:08]} Ba3 {[%clk 00:01:57]} {[%emt 00:00:12]} 78. Nf4 {[%clk 00:05:58]}
{[%emt 00:00:10]} Bf8 {[%clk 00:01:46]} {[%emt 00:01:20]} 79. Nxh5 {[%clk
00:06:18]} Kc7 {[%clk 00:01:48]} {[%emt 00:00:10]} 80. Nf6 {[%clk 00:06:34]}
{[%emt 00:00:05]} Kc6 {[%clk 00:01:59]} {[%emt 00:00:33]} 81. h5 {[%clk
00:06:54]} Kc5 {[%clk 00:01:56]} {[%emt 00:00:27]} 82. Nd7+ {[%clk 00:07:14]}
{[%emt 00:00:39]} 1-0

[Event "Terme Krka OPEN 2018"]
[Site "Otočec, Slovenia"]
[Date "2018.12.25"]
[Round "3.11"]
[White "Jaksa, Cvetko"]
[Black "Cebron, Asja"]
[Result "1-0"]
[WhiteElo "1897"]
[BlackElo "1460"]

1. b3 {[%clk 01:30:57]} {[%emt 00:00:11]} e5 {[%clk 01:30:26]} {[%emt
00:00:28]} 2. e3 {[%clk 01:31:17]} {[%emt 00:00:09]} d5 {[%clk 01:30:28]}
{[%emt 00:00:27]} 3. Bb2 {[%clk 01:31:35]} {[%emt 00:00:21]} Nc6 {[%clk
01:29:53]} {[%emt 00:01:00]} 4. Bb5 {[%clk 01:31:54]} {[%emt 00:00:08]} Bd6
{[%clk 01:29:13]} {[%emt 00:01:09]} 5. f4 {[%clk 01:32:10]} {[%emt 00:00:14]}
Qe7 {[%clk 01:23:05]} {[%emt 00:06:42]} 6. Nf3 {[%clk 01:32:04]} {[%emt
00:00:35]} Bg4 {[%clk 01:14:56]} {[%emt 00:08:43]} 7. h3 {[%clk 01:32:16]}
{[%emt 00:00:12]} Bxf3 {[%clk 01:13:07]} {[%emt 00:02:23]} 8. Qxf3 {[%clk
01:32:31]} {[%emt 00:00:09]} e4 {[%clk 01:10:09]} {[%emt 00:03:30]} 9. Qh5
{[%clk 01:31:35]} {[%emt 00:03:00]} Nf6 {[%clk 01:09:26]} 10. Qg5 {[%clk
01:31:52]} Qe6 {[%clk 00:59:41]} {[%emt 00:10:04]} 11. Qxg7 {[%clk 01:30:24]}
{[%emt 00:02:03]} Rg8 {[%clk 00:56:46]} {[%emt 00:03:21]} 12. Qxf6 {[%clk
01:30:39]} {[%emt 00:00:16]} Qxf6 {[%clk 00:56:49]} {[%emt 00:00:27]} 13. Bxf6
{[%clk 01:30:40]} {[%emt 00:00:30]} Rxg2 {[%clk 00:57:00]} {[%emt 00:00:19]} 14.
Nc3 {[%clk 01:30:07]} {[%emt 00:01:05]} a6 {[%clk 00:55:43]} {[%emt 00:01:47]}
15. Bxc6+ {[%clk 01:28:55]} {[%emt 00:01:41]} bxc6 {[%clk 00:56:04]} {[%emt
00:00:08]} 16. O-O-O {[%clk 01:29:13]} {[%emt 00:00:11]} Rg6 {[%clk 00:55:22]}
{[%emt 00:01:12]} 17. Bh4 {[%clk 01:29:15]} {[%emt 00:00:28]} Kd7 {[%clk
00:54:56]} {[%emt 00:00:56]} 18. Rdg1 {[%clk 01:28:43]} {[%emt 00:01:06]} Rag8
{[%clk 00:53:31]} {[%emt 00:02:00]} 19. Rxg6 {[%clk 01:28:47]} {[%emt
00:00:18]} hxg6 {[%clk 00:53:11]} {[%emt 00:00:48]} 20. Kd1 {[%clk 01:28:21]}
{[%emt 00:00:58]} Ke6 {[%clk 00:53:06]} {[%emt 00:00:36]} 21. Ke2 {[%clk
01:27:49]} {[%emt 00:02:39]} Rh8 {[%clk 00:51:41]} {[%emt 00:00:16]} 22. Be1
{[%clk 01:27:49]} {[%emt 00:00:31]} Be7 {[%clk 00:51:28]} {[%emt 00:00:43]} 23.
d3 {[%clk 01:25:03]} {[%emt 00:03:16]} f5 {[%clk 00:50:51]} {[%emt 00:01:08]}
24. Nd1 {[%clk 01:23:28]} {[%emt 00:02:07]} Rh5 {[%clk 00:43:20]} {[%emt
00:07:57]} 25. Ba5 {[%clk 01:14:45]} {[%emt 00:09:16]} Bd8 {[%clk 00:38:43]}
{[%emt 00:05:07]} 26. Rg1 {[%clk 01:13:12]} {[%emt 00:03:36]} Kf7 {[%clk
00:37:24]} {[%emt 00:00:14]} 27. Nf2 {[%clk 01:13:26]} {[%emt 00:00:15]} Rh6
{[%clk 00:34:11]} {[%emt 00:03:46]} 28. dxe4 {[%clk 01:12:12]} {[%emt
00:01:47]} dxe4 {[%clk 00:33:11]} {[%emt 00:01:24]} 29. Rd1 {[%clk 01:09:53]}
{[%emt 00:02:49]} Ke8 {[%clk 00:32:19]} {[%emt 00:02:52]} 30. Rh1 {[%clk
01:10:01]} Rh4 {[%clk 00:31:06]} {[%emt 00:00:34]} 31. Kf1 {[%clk 01:09:59]}
{[%emt 00:00:36]} Kd7 {[%clk 00:29:15]} {[%emt 00:02:17]} 32. Rg1 {[%clk
01:09:49]} {[%emt 00:00:40]} Rh6 {[%clk 00:29:27]} {[%emt 00:00:18]} 33. Bc3
{[%clk 01:09:58]} {[%emt 00:00:21]} Ke8 {[%clk 00:27:06]} {[%emt 00:02:53]} 34.
Be5 {[%clk 01:09:30]} {[%emt 00:00:57]} Kf7 {[%clk 00:25:34]} {[%emt 00:02:17]}
35. Kg2 {[%clk 01:09:45]} {[%emt 00:00:02]} Ke6 {[%clk 00:24:49]} {[%emt
00:01:13]} 36. Rd1 {[%clk 01:09:16]} {[%emt 00:00:58]} Ke7 {[%clk 00:24:33]}
{[%emt 00:00:47]} 37. Bf6+ {[%clk 01:09:26]} {[%emt 00:00:20]} Kxf6 {[%clk
00:24:49]} {[%emt 00:00:42]} 38. Rxd8 {[%clk 01:09:44]} Ke7 {[%clk 00:24:17]}
{[%emt 00:00:50]} 39. Ra8 {[%clk 01:08:16]} {[%emt 00:01:53]} Kd6 {[%clk
00:24:05]} {[%emt 00:00:48]} 40. Rxa6 {[%clk 01:08:28]} {[%emt 00:00:13]} Rh8
{[%clk 00:24:25]} {[%emt 00:00:10]} 41. Kf1 {[%clk 01:07:53]} {[%emt 00:01:04]}
Rd8 {[%clk 00:24:15]} {[%emt 00:00:42]} 42. Ke2 {[%clk 01:08:04]} {[%emt
00:00:17]} Kc5 {[%clk 00:24:21]} {[%emt 00:00:25]} 43. Ra4 {[%clk 01:08:16]}
{[%emt 00:01:25]} Kb6 {[%clk 00:23:17]} {[%emt 00:00:27]} 44. Rd4 {[%clk
01:04:51]} {[%emt 00:04:03]} Ra8 {[%clk 00:22:19]} {[%emt 00:01:20]} 45. a4
{[%clk 01:04:12]} {[%emt 00:01:13]} Ka5 {[%clk 00:21:04]} {[%emt 00:01:41]} 46.
Kd2 {[%clk 00:59:57]} {[%emt 00:04:44]} Kb6 {[%clk 00:20:06]} {[%emt 00:01:29]}
47. Rd7 {[%clk 00:58:50]} {[%emt 00:01:39]} Re8 {[%clk 00:18:57]} {[%emt
00:01:35]} 48. Rg7 {[%clk 00:56:11]} {[%emt 00:03:15]} Re6 {[%clk 00:18:49]}
{[%emt 00:00:36]} 49. Kc1 {[%clk 00:56:01]} {[%emt 00:02:01]} Rd6 {[%clk
00:18:31]} 50. Nd1 {[%clk 00:56:15]} c5 {[%clk 00:17:59]} {[%emt 00:00:48]} 51.
Nb2 {[%clk 00:56:31]} {[%emt 00:00:11]} Kb7 {[%clk 00:17:29]} {[%emt 00:01:08]}
52. Nc4 {[%clk 00:56:47]} {[%emt 00:00:07]} Re6 {[%clk 00:17:30]} {[%emt
00:00:26]} 53. Ne5 {[%clk 00:56:22]} {[%emt 00:00:55]} 1-0

[Event "Terme Krka OPEN 2018"]
[Site "Otočec, Slovenia"]
[Date "2018.12.25"]
[Round "3.1"]
[White "Acimovic, Sergej"]
[Black "Jelen, Igor"]
[Result "0-1"]
[WhiteElo "2003"]
[BlackElo "2328"]

1. d4 {[%clk 01:30:57]} {[%emt 00:00:19]} Nf6 {[%clk 01:30:43]} {[%emt
00:00:05]} 2. c4 {[%clk 01:31:03]} {[%emt 00:00:21]} g6 {[%clk 01:30:40]}
{[%emt 00:00:38]} 3. Nc3 {[%clk 01:30:51]} {[%emt 00:00:38]} d5 {[%clk
01:31:04]} {[%emt 00:00:11]} 4. cxd5 {[%clk 01:30:46]} {[%emt 00:00:31]} Nxd5
{[%clk 01:31:28]} {[%emt 00:00:13]} 5. e4 {[%clk 01:31:00]} {[%emt 00:00:11]}
Nxc3 {[%clk 01:31:47]} {[%emt 00:00:11]} 6. bxc3 {[%clk 01:31:21]} {[%emt
00:00:08]} Bg7 {[%clk 01:32:11]} {[%emt 00:00:06]} 7. Nf3 {[%clk 01:30:48]}
{[%emt 00:01:01]} c5 {[%clk 01:32:19]} {[%emt 00:00:28]} 8. Be3 {[%clk
01:31:06]} {[%emt 00:00:12]} Qa5 {[%clk 01:27:53]} {[%emt 00:04:51]} 9. Qd2
{[%clk 01:30:07]} {[%emt 00:01:42]} O-O {[%clk 01:26:45]} {[%emt 00:01:25]} 10.
Rc1 {[%clk 01:29:18]} {[%emt 00:01:18]} Rd8 {[%clk 01:20:11]} {[%emt 00:07:06]}
11. d5 {[%clk 01:27:14]} {[%emt 00:02:35]} e6 {[%clk 01:17:34]} {[%emt
00:03:04]} 12. c4 {[%clk 01:25:09]} {[%emt 00:02:34]} Qa3 {[%clk 01:12:02]}
{[%emt 00:06:02]} 13. Bd3 {[%clk 01:15:35]} {[%emt 00:10:06]} Nc6 {[%clk
01:01:34]} {[%emt 00:10:56]} 14. O-O {[%clk 01:12:10]} {[%emt 00:03:55]} b6
{[%clk 00:55:23]} {[%emt 00:06:46]} 15. Rb1 {[%clk 01:08:18]} {[%emt 00:04:22]}
Nb4 {[%clk 00:49:47]} {[%emt 00:06:02]} 16. Rb3 {[%clk 01:02:23]} {[%emt
00:06:24]} Qxa2 {[%clk 00:48:49]} {[%emt 00:01:27]} 17. Qxa2 {[%clk 01:02:35]}
{[%emt 00:00:22]} Nxa2 {[%clk 00:49:04]} {[%emt 00:00:37]} 18. Bd2 {[%clk
01:01:27]} {[%emt 00:01:13]} Bf8 {[%clk 00:31:20]} {[%emt 00:18:14]} 19. e5
{[%clk 00:47:07]} {[%emt 00:14:50]} Nb4 {[%clk 00:27:09]} {[%emt 00:04:42]} 20.
Bxb4 {[%clk 00:47:14]} {[%emt 00:01:03]} cxb4 {[%clk 00:27:34]} 21. d6 {[%clk
00:46:44]} {[%emt 00:00:42]} a5 {[%clk 00:22:48]} {[%emt 00:04:57]} 22. Nd4
{[%clk 00:44:18]} {[%emt 00:02:56]} Bb7 {[%clk 00:21:22]} {[%emt 00:01:57]} 23.
Nb5 {[%clk 00:37:49]} {[%emt 00:06:58]} Rac8 {[%clk 00:19:53]} {[%emt
00:02:01]} 24. Nc7 {[%clk 00:36:28]} {[%emt 00:01:56]} Rxc7 {[%clk 00:17:14]}
{[%emt 00:03:02]} 25. dxc7 {[%clk 00:36:29]} {[%emt 00:00:28]} Rc8 {[%clk
00:17:25]} {[%emt 00:00:23]} 26. Rd1 {[%clk 00:25:42]} {[%emt 00:11:16]} Rxc7
{[%clk 00:15:58]} {[%emt 00:01:55]} 27. Be2 {[%clk 00:25:57]} {[%emt 00:00:31]}
a4 {[%clk 00:12:28]} {[%emt 00:03:46]} 28. Rbb1 {[%clk 00:26:09]} {[%emt
00:00:18]} b3 {[%clk 00:11:25]} {[%emt 00:01:39]} 29. Kf1 {[%clk 00:20:10]}
{[%emt 00:06:21]} Be4 {[%clk 00:10:41]} {[%emt 00:01:12]} 30. Bd3 {[%clk
00:18:36]} {[%emt 00:02:11]} Bxd3+ {[%clk 00:10:49]} {[%emt 00:00:27]} 31. Rxd3
{[%clk 00:18:59]} Rxc4 {[%clk 00:11:14]} {[%emt 00:00:02]} 32. Ke2 {[%clk
00:15:59]} {[%emt 00:03:29]} Re4+ {[%clk 00:10:41]} {[%emt 00:01:05]} 33. Kd2
{[%clk 00:14:50]} {[%emt 00:01:37]} Bb4+ {[%clk 00:09:23]} {[%emt 00:01:49]} 34.
Kc1 {[%clk 00:14:23]} {[%emt 00:00:57]} Re1+ {[%clk 00:09:31]} {[%emt
00:00:28]} 35. Kb2 {[%clk 00:12:59]} {[%emt 00:02:29]} Re2+ {[%clk 00:09:38]}
{[%emt 00:00:02]} 0-1


*

[Event "Terme Krka OPEN 2018"]
[Site "Otocec"]
[Date "2018.12.25"]
[Round "3"]
[White "Bedic, Slavko"]
[Black "Pajek, Tjasa"]
[Result "1-0"]
[WhiteElo "1858"]
[BlackElo "1384"]
[PlyCount "119"]
[EventDate "2018.12.25"]

1. d4 d5 2. Nf3 Nf6 3. c4 e6 4. Nc3 c5 5. Bg5 Be7 6. e3 b6 7. Be2 Bb7 8. dxc5
bxc5 9. cxd5 Nxd5 10. Bb5+ Bc6 11. Qa4 Qb6 12. Nxd5 exd5 13. Bxc6+ Nxc6 14. O-O
Bxg5 15. Nxg5 O-O 16. Rfd1 Rad8 17. Rac1 Ne5 18. Qc2 Ng6 19. Qxc5 Qxb2 20. Rc2
Qb7 21. Rcd2 Qe7 22. Qxe7 Nxe7 23. e4 Rd6 24. f4 Rfd8 25. Nf3 f6 26. g4 g5 27.
f5 h6 28. Kf2 Kf7 29. Ke3 Nc6 30. a3 Na5 31. e5 Nc4+ 32. Kd4 Nxd2 33. e6+ Ke7
34. Nxd2 Ra6 35. Rb1 Rb6 36. Rc1 Rb7 37. Rc6 Rd6 38. Rc5 a6 39. Rc8 Rd8 40. Rc5
Rd6 41. Rc1 Kd8 42. Rc5 Rc7 43. Nb3 Rb7 44. Nd2 Ke7 45. Rc3 Kd8 46. Nb3 Rc7 47.
Nc5 Ke8 48. Na4 Rxc3 49. Nxc3 Kd8 50. Nxd5 Ke8 51. Kc5 Rd8 52. Nxf6+ Ke7 53.
Nd5+ Ke8 54. f6 Rc8+ 55. Kd6 Rd8+ 56. Ke5 Rb8 57. f7+ Kf8 58. Kf6 Rb7 59. e7+
Rxe7 60. Nxe7 1-0

[Event "Terme Krka OPEN 2018"]
[Site "Otocec"]
[Date "2018.12.25"]
[Round "3"]
[White "Jalovec, Igor"]
[Black "Rozman, Roman"]
[Result "1/2-1/2"]
[WhiteElo "1332"]
[BlackElo "1793"]
[PlyCount "95"]
[EventDate "2018.12.25"]

1. e4 c6 2. d4 d5 3. Nc3 dxe4 4. Nxe4 Bf5 5. Ng3 Bg6 6. Bc4 e6 7. N1e2 Nf6 8.
Nf4 Bd6 9. Be3 Nd5 10. Nxg6 hxg6 11. Bd2 Qc7 12. c3 Bxg3 13. fxg3 Nd7 14. Qc2
O-O-O 15. O-O-O b5 16. Bd3 Kb7 17. Kb1 a6 18. Rdf1 N7f6 19. Qb3 Rh7 20. c4 Ne7
21. Bf4 Qd7 22. cxb5 axb5 23. Be3 Nf5 24. Bxf5 gxf5 25. Rd1 Rdh8 26. h3 Qd5 27.
Qxd5 Nxd5 28. Bf2 Kc7 29. Rhe1 Kd7 30. Rc1 Kd6 31. Rc5 f6 32. Rec1 Ne7 33. Be3
g5 34. Bd2 Rc8 35. Bb4 Kd7 36. Bd2 Nd5 37. Kc2 Ra8 38. a3 Ra6 39. Kd3 g4 40. h4
Kd6 41. Rf1 Rh5 42. Rf2 e5 43. Rc2 e4+ 44. Ke2 Ra4 45. Be3 Ra8 46. Rc5 Ra4 47.
Rc2 Ra6 48. Rc5 1/2-1/2

[Event "Terme Krka OPEN 2018"]
[Site "Otocec"]
[Date "2018.12.25"]
[Round "3"]
[White "Bajt, Hana"]
[Black "Markun, Ozbej"]
[Result "1-0"]
[WhiteElo "1769"]
[BlackElo "1898"]
[PlyCount "89"]
[EventDate "2018.12.25"]

1. e4 e5 2. Nf3 Nc6 3. Bc4 Nf6 4. Ng5 d5 5. exd5 Na5 6. d3 Bc5 7. a3 Nxc4 8.
dxc4 O-O 9. h3 a5 10. O-O Qe7 11. Nf3 Re8 12. Nc3 Bd7 13. Re1 Bd6 14. Bg5 h6
15. Bxf6 Qxf6 16. Ne4 Qe7 17. c3 a4 18. c5 Bxc5 19. Nxc5 Qxc5 20. Rxe5 Qd6 21.
Qd4 Rxe5 22. Nxe5 Re8 23. Nxd7 Qxd7 24. Kf1 Qb5+ 25. c4 Qd7 26. Re1 Rxe1+ 27.
Kxe1 Qe7+ 28. Qe3 Kf8 29. Kd2 Qd6 30. Kc3 c6 31. dxc6 Qxc6 32. Qd4 f6 33. Qd5
Qa6 34. Qb5 Qa7 35. Kb4 Qxf2 36. Qc5+ Qxc5+ 37. Kxc5 g5 38. Kb6 f5 39. Kxb7 h5
40. c5 g4 41. hxg4 hxg4 42. c6 f4 43. c7 f3 44. c8=Q+ Ke7 45. Qxg4 1-0

[Event "Terme Krka OPEN 2018"]
[Site "Otocec"]
[Date "2018.12.25"]
[Round "3"]
[White "Novak, Simona"]
[Black "Siraj, Anej"]
[Result "0-1"]
[WhiteElo "1699"]
[BlackElo "1997"]
[PlyCount "108"]
[EventDate "2018.12.25"]

1. e4 c5 2. Nf3 d6 3. d4 cxd4 4. Nxd4 Nf6 5. Nc3 g6 6. f3 Bg7 7. Be3 Nc6 8. Qd2
O-O 9. g4 Bd7 10. O-O-O Qa5 11. Nxc6 bxc6 12. Bh6 Rfb8 13. Bxg7 Kxg7 14. Bc4
Qb4 15. Bb3 c5 16. Nd5 Nxd5 17. exd5 Qb7 18. c4 a5 19. Qc3+ Kg8 20. Rd3 a4 21.
Bc2 Ra6 22. h4 Rb6 23. b3 axb3 24. Bxb3 Ba4 25. Kc2 Bxb3+ 26. axb3 Ra6 27. Ra1
Rba8 28. Rdd1 Qa7 29. Rxa6 Qxa6 30. Re1 Ra7 31. h5 Qa2+ 32. Qb2 Qxb2+ 33. Kxb2
gxh5 34. gxh5 Kg7 35. Rg1+ Kh6 36. f4 Ra8 37. Rg5 f6 38. Rg1 Rf8 39. Re1 Rf7
40. Rh1 Rg7 41. Rh4 f5 42. Rh3 Rf7 43. Kc3 Kg7 44. b4 cxb4+ 45. Kxb4 Kf6 46. c5
dxc5+ 47. Kxc5 Rg7 48. d6 exd6+ 49. Kxd6 Rg4 50. Re3 Rxf4 51. Re6+ Kg5 52. h6
Re4 53. Re5 Rxe5 54. Kxe5 f4 0-1

[Event "Terme Krka OPEN 2018"]
[Site "Otocec"]
[Date "2018.12.25"]
[Round "3"]
[White "Vicic, Maks"]
[Black "Zupan, Gorazd"]
[Result "0-1"]
[WhiteElo "1261"]
[BlackElo "1641"]
[PlyCount "44"]
[EventDate "2018.12.25"]

1. e4 e5 2. Nf3 Nc6 3. Bc4 Nf6 4. Ng5 d5 5. exd5 Na5 6. Bb5+ c6 7. dxc6 bxc6 8.
Ba4 h6 9. Nf3 Bc5 10. c3 O-O 11. b4 e4 12. Ng1 Bxf2+ 13. Kxf2 Ng4+ 14. Ke1 Qh4+
15. g3 Qf6 16. Qe2 Ne5 17. bxa5 Nd3+ 18. Kd1 Bg4 19. Qxg4 Qf1+ 20. Kc2 Qxc1+
21. Kb3 Qb2+ 22. Kc4 Ne5+ 0-1

[Event "Terme Krka OPEN 2018"]
[Site "Otocec"]
[Date "2018.12.25"]
[Round "3"]
[White "Ruzic, Pia Marie"]
[Black "Siraj, Vita"]
[Result "1/2-1/2"]
[WhiteElo "1619"]
[BlackElo "1501"]
[PlyCount "62"]
[EventDate "2018.12.25"]

1. c4 c5 2. Nc3 Nc6 3. Nf3 Nf6 4. g3 d6 5. Bg2 Bd7 6. O-O g6 7. a3 a5 8. d4
cxd4 9. Nxd4 h5 10. h4 Qb6 11. Ndb5 Ne5 12. Be3 Qd8 13. b3 Bc6 14. Nd5 Nxd5 15.
Bxd5 Qd7 16. a4 Qh3 17. Bxc6+ bxc6 18. Nd4 Ng4 19. Nf3 Nxe3 20. fxe3 Qxg3+ 21.
Kh1 Bh6 22. Qd4 Rg8 23. Qe4 Rc8 24. Rad1 g5 25. Nh2 Kd7 26. Rxf7 Rce8 27. Qf5+
Kd8 28. Qxa5+ Kd7 29. Qf5+ Kd8 30. Qa5+ Kd7 31. Qf5+ Kd8 1/2-1/2